[Event "HUN-chT2 Maroczy 1314"]
[Site "Hungary"]
[Date "2014.02.16"]
[Round "7"]
[White "Kahn, Evarth"]
[Black "Bartos, Tamas"]
[Result "1-0"]
[WhiteElo "2249"]
[BlackElo "2169"]
[PlyCount "45"]
[EventDate "2013.09.08"]
[EventType "team-tourn"]
[EventRounds "11"]
[EventCountry "HUN"]
[SourceTitle "EXT 2016"]
[Source "ChessBase"]
[SourceDate "2015.10.08"]
[SourceVersion "1"]
[SourceVersionDate "2015.10.08"]
[SourceQuality "1"]
[WhiteTeam "Szigetszentmiklos"]
[BlackTeam "Szeged Maroczy"]
[WhiteTeamCountry "HUN"]
[BlackTeamCountry "HUN"]

1. d4 d5 2. c4 e6 3. Nf3 Be7 4. Nc3 Nf6 5. Bg5 0-0 6. e3 h6 7. Bh4 b6 8. Rc1 Bb7 9. Bd3 dxc4 10. Bxc4 Nbd7 11. 0-0 c5 12. Qe2 Rc8 13. Ba6 Bxa6 14. Qxa6 cxd4 15. exd4 Qc7 16. Bg3 Qc4 17. Qxa7 Ra8 18. Qb7 Qb4 19. Rc2 Bd6 20. Ne5 Rfb8 21. Qf3 Rc8 22. Nd3 Rxc3 23. Qxa8+ 1-0

[Event "HUN-chT2 Maroczy 1213"]
[Site "Hungary"]
[Date "2013.04.07"]
[Round "10"]
[White "Virag, Attila Aba"]
[Black "Bartos, Tamas"]
[Result "1-0"]
[WhiteElo "2233"]
[BlackElo "2146"]
[PlyCount "51"]
[EventDate "2012.09.16"]
[EventType "team-tourn"]
[EventRounds "11"]
[EventCountry "HUN"]
[SourceTitle "EXT 2014"]
[Source "ChessBase"]
[SourceDate "2013.11.20"]
[SourceVersion "1"]
[SourceVersionDate "2013.11.20"]
[SourceQuality "1"]
[WhiteTeam "Hobagoly"]
[BlackTeam "Maroczy"]
[WhiteTeamCountry "HUN"]
[BlackTeamCountry "HUN"]

1. e4 e6 2. d4 d5 3. e5 c5 4. c3 Nc6 5. Nf3 Qb6 6. Be2 Nh6 7. Bxh6 Qxb2 8. Bc1 Qxa1 9. Qc2 cxd4 10. 0-0 Bd7 11. Nfd2 d3 12. Bxd3 Nb4 13. cxb4 Qxe5 14. Nf3 Qd6 15. b5 Rc8 16. Qe2 Be7 17. Bb2 f6 18. Nd4 Kf7 19. Re1 g6 20. f4 Rhe8 21. Qf2 a6 22. Nd2 axb5 23. N2f3 Qxf4 24. g3 Qb8 25. Ne5+ Kg8 26. Nxd7 1-0

[Event "HUN-chT2 Maroczy 1213"]
[Site "Hungary"]
[Date "2013.02.17"]
[Round "7"]
[White "Baranyai, Szabolcs"]
[Black "Bartos, Tamas"]
[Result "0-1"]
[WhiteElo "1917"]
[BlackElo "2146"]
[PlyCount "70"]
[EventDate "2012.09.16"]
[EventType "team-tourn"]
[EventRounds "11"]
[EventCountry "HUN"]
[SourceTitle "EXT 2014"]
[Source "ChessBase"]
[SourceDate "2013.11.20"]
[SourceVersion "1"]
[SourceVersionDate "2013.11.20"]
[SourceQuality "1"]
[WhiteTeam "Hajduszoboszlo"]
[BlackTeam "Maroczy"]
[WhiteTeamCountry "HUN"]
[BlackTeamCountry "HUN"]

1. e4 e6 2. d4 d5 3. Nd2 c5 4. c3 Nc6 5. Ngf3 Nf6 6. e5 Nd7 7. Bd3 Qb6 8. dxc5 Bxc5 9. Qe2 Qc7 10. 0-0 Ndxe5 11. Bc2 Bd7 12. a4 Bd6 13. Bb3 0-0 14. h3 Ng6 15. Re1 Nce7 16. c4 Bc6 17. Nd4 e5 18. Nxc6 bxc6 19. cxd5 cxd5 20. Nf3 Rab8 21. Bc2 Rfc8 22. Bxg6 Nxg6 23. Qd1 d4 24. Qd3 Qc2 25. Qa6 Bb4 26. Rf1 Qc6 27. Qe2 Qc4 28. Qe4 d3 29. Qf5 e4 30. Nd2 Qc2 31. Qg5 e3 32. fxe3 Bxd2 33. Qf5 Bxc1 34. Raxc1 Qxc1 35. Rxc1 Rxc1+ 0-1

[Event "HUN-chT2 Maroczy 1213"]
[Site "Hungary"]
[Date "2012.12.02"]
[Round "5"]
[White "Bartos, Tamas"]
[Black "Tokovic, Svetozar"]
[Result "1/2-1/2"]
[WhiteElo "2146"]
[BlackElo "2220"]
[PlyCount "93"]
[EventDate "2012.09.16"]
[EventType "team-tourn"]
[EventRounds "11"]
[EventCountry "HUN"]
[SourceTitle "EXT 2014"]
[Source "ChessBase"]
[SourceDate "2013.11.20"]
[SourceVersion "1"]
[SourceVersionDate "2013.11.20"]
[SourceQuality "1"]
[WhiteTeam "Maroczy"]
[BlackTeam "Roeszke"]
[WhiteTeamCountry "HUN"]
[BlackTeamCountry "HUN"]

1. d4 Nf6 2. Nf3 e6 3. g3 b6 4. Bg2 Bb7 5. 0-0 Be7 6. c4 0-0 7. Nc3 Ne4 8. Qc2 Nxc3 9. bxc3 f5 10. d5 Qc8 11. e4 b5 12. exf5 bxc4 13. fxe6 dxe6 14. dxe6 Rxf3 15. Rb1 Bd5 16. Rb5 Bc6 17. Bxf3 Bxf3 18. Qf5 Qf8 19. Qxf8+ Bxf8 20. Bg5 Nc6 21. Re1 Be7 22. Bxe7 Nxe7 23. Rc5 c6 24. Rxc4 g5 25. h3 Kg7 26. h4 h6 27. hxg5 hxg5 28. Re3 g4 29. Rf4 Nd5 30. Rfxf3 gxf3 31. Rxf3 Rf8 32. Rd3 Kf6 33. c4 Nb6 34. Rf3+ Ke7 35. Rxf8 Kxf8 36. f4 Nxc4 37. Kf2 Ke7 38. f5 Kf6 39. g4 Ke5 40. Ke2 Nd6 41. Kd3 c5 42. e7 Kf6 43. e8Q Nxe8 44. Kc4 Kg5 45. Kxc5 Kxg4 46. Kb5 Kxf5 47. Ka6 1/2-1/2

[Event "HUN-chT2 Toth 0910"]
[Site "Hungary"]
[Date "2010.05.02"]
[Round "11.1"]
[White "Bartos, Tamas"]
[Black "Berebora, Ferenc"]
[Result "0-1"]
[WhiteElo "2150"]
[BlackElo "2388"]
[PlyCount "62"]
[EventDate "2009.11.08"]
[EventType "team-tourn"]
[EventRounds "11"]
[EventCountry "HUN"]
[SourceTitle "EXT 2011"]
[Source "ChessBase"]
[SourceDate "2010.11.26"]
[SourceVersion "1"]
[SourceVersionDate "2010.11.26"]
[SourceQuality "1"]
[WhiteTeam "Maroczy II"]
[BlackTeam "Kisujszallas"]
[WhiteTeamCountry "HUN"]
[BlackTeamCountry "HUN"]

1. d4 d5 2. Nf3 c6 3. g3 Nf6 4. Bg2 g6 5. 0-0 Bg7 6. b3 c5 7. Bb2 cxd4 8. Nxd4 0-0 9. Nd2 Re8 10. N4f3 Nc6 11. Ne5 Bd7 12. Ndf3 Nxe5 13. Bxe5 Rc8 14. e3 Qa5 15. Nd4 Red8 16. Qe2 Ne4 17. Bxg7 Nc3 18. Qd3 Kxg7 19. f4 Bb5 20. Nxb5 Qxb5 21. Qxb5 Nxb5 22. c4 dxc4 23. Bxb7 Rb8 24. bxc4 Rxb7 25. cxb5 Rxb5 26. Rab1 Ra5 27. Rb2 f5 28. Rc1 Rd7 29. Rc3 Rd1+ 30. Kg2 Ra1 31. Rb7 R5xa2+ 0-1

[Event "HUN-chT2 Toth 0910"]
[Site "Hungary"]
[Date "2009.12.20"]
[Round "4.1"]
[White "Csala, Imre"]
[Black "Bartos, Tamas"]
[Result "1/2-1/2"]
[WhiteElo "2203"]
[BlackElo "2150"]
[PlyCount "104"]
[EventDate "2009.11.08"]
[EventType "team-tourn"]
[EventRounds "11"]
[EventCountry "HUN"]
[SourceTitle "EXT 2011"]
[Source "ChessBase"]
[SourceDate "2010.11.26"]
[SourceVersion "1"]
[SourceVersionDate "2010.11.26"]
[SourceQuality "1"]
[WhiteTeam "Takisz"]
[BlackTeam "Maroczy II"]
[WhiteTeamCountry "HUN"]
[BlackTeamCountry "HUN"]

1. d4 d5 2. c4 e6 3. e3 Nf6 4. Nf3 Be7 5. Nc3 0-0 6. Bd3 b6 7. 0-0 Bb7 8. Qc2 c5 9. cxd5 exd5 10. b3 Nbd7 11. Bb2 Rc8 12. Qe2 Qc7 13. Rfd1 Qb8 14. Bf5 Rcd8 15. Ne5 Rfe8 16. Nxd7 Nxd7 17. Bxd7 Rxd7 18. dxc5 Bxc5 19. Qg4 Rd6 20. Nxd5 Rg6 21. Qf3 Bd6 22. h3 Be5 23. Bd4 Bd6 24. e4 Qa8 25. Rac1 Rxe4 26. Qxe4 Bxd5 27. Qxd5 Qxd5 28. Rc8+ Bf8 29. Rxf8+ Kxf8 30. Bxg7+ Kxg7 31. Rxd5 Rc6 32. Rd7 a5 33. Rb7 Rc1+ 34. Kh2 Rc2 35. a4 Rc6 36. g4 h6 37. Kg2 Kg6 38. f3 Rd6 39. Kg3 Rc6 40. h4 Rd6 41. h5+ Kf6 42. Kh4 Ke5 43. Rb8 Kf6 44. Rh8 Kg7 45. Rb8 Rd3 46. Rxb6 Rxf3 47. Rb5 f6 48. Rxa5 Rxb3 49. Ra7+ Kg8 50. a5 Ra3 51. a6 Kh8 52. Ra8+ Kh7 1/2-1/2

[Event "HUN-chT2 Maroczy 0809"]
[Site "Hungary"]
[Date "2009.01.11"]
[Round "5"]
[White "Papp, Abel"]
[Black "Bartos, Tamas"]
[Result "1-0"]
[WhiteElo "2214"]
[BlackElo "2129"]
[PlyCount "67"]
[EventDate "2008.10.26"]
[EventType "team-tourn"]
[EventRounds "11"]
[EventCountry "HUN"]
[SourceTitle "EXT 2010"]
[Source "ChessBase"]
[SourceDate "2010.11.25"]
[SourceVersion "1"]
[SourceVersionDate "2010.11.25"]
[SourceQuality "1"]
[WhiteTeam "Miskolc EMSE"]
[BlackTeam "Maroczy"]
[WhiteTeamCountry "HUN"]
[BlackTeamCountry "HUN"]

1. e4 e6 2. d3 c5 3. Nf3 Nc6 4. g3 g6 5. Bg2 Bg7 6. c3 Nge7 7. Nbd2 0-0 8. h4 h5 9. 0-0 d6 10. Re1 b5 11. Nf1 Qb6 12. Ne3 Ba6 13. g4 hxg4 14. Nxg4 b4 15. c4 Rfe8 16. Ng5 Nd4 17. Ne3 Rad8 18. h5 Bb7 19. hxg6 fxg6 20. Qg4 d5 21. Qf4 Qd6 22. Qh4 dxe4 23. dxe4 Ba8 24. Rb1 e5 25. Ng4 Nec6 26. Qh7+ Kf8 27. Nh6 Qf6 28. Ng4 Qd6 29. Qh4 Nc2 30. Rf1 Kg8 31. Qh7+ Kf8 32. f4 Qd4+ 33. Kh1 Rd7 34. fxe5+ 1-0

[Event "HUN-chT2 Maroczy 0809"]
[Site "Hungary"]
[Date "2008.11.02"]
[Round "2"]
[White "Bartos, Tamas"]
[Black "Bacso, Gabor"]
[Result "1/2-1/2"]
[WhiteElo "2129"]
[BlackElo "2181"]
[PlyCount "32"]
[EventDate "2008.10.26"]
[EventType "team-tourn"]
[EventRounds "11"]
[EventCountry "HUN"]
[SourceTitle "EXT 2010"]
[Source "ChessBase"]
[SourceDate "2010.11.25"]
[SourceVersion "1"]
[SourceVersionDate "2010.11.25"]
[SourceQuality "1"]
[WhiteTeam "Maroczy"]
[BlackTeam "Vasas"]
[WhiteTeamCountry "HUN"]
[BlackTeamCountry "HUN"]

1. d4 Nf6 2. c4 g6 3. Nc3 Bg7 4. e4 d6 5. f3 0-0 6. Bg5 c5 7. d5 a6 8. Qd2 Re8 9. Rd1 Qa5 10. Be2 Nbd7 11. Nh3 Ne5 12. Nf2 Qb4 13. Nd3 Nxd3+ 14. Bxd3 e6 15. 0-0 exd5 16. exd5 Qb6 1/2-1/2

[Event "HUN-chT U18"]
[Site "Miskolc"]
[Date "2008.10.28"]
[Round "2.10"]
[White "Bartos, Tamas"]
[Black "Filep, Ferenc"]
[Result "1-0"]
[WhiteElo "2129"]
[BlackElo "2056"]
[PlyCount "53"]
[EventDate "2008.10.27"]
[EventType "team-swiss"]
[EventRounds "8"]
[EventCountry "HUN"]
[SourceTitle "EXT 2016"]
[Source "ChessBase"]
[SourceDate "2015.10.08"]
[SourceVersion "1"]
[SourceVersionDate "2015.10.08"]
[SourceQuality "1"]

1. d4 Nf6 2. c4 g6 3. Nc3 Bg7 4. e4 d6 5. f3 0-0 6. Bg5 c5 7. d5 h6 8. Be3 a6 9. Qd2 Kh7 10. Be2 e6 11. dxe6 Bxe6 12. Rd1 Qa5 13. Qxd6 Nfd7 14. Qd2 Bxc3 15. bxc3 h5 16. Nh3 Bxh3 17. gxh3 Nb6 18. Qd6 N8d7 19. Kf2 Rac8 20. Qf4 Qxc3 21. Qh6+ Kg8 22. Rhg1 Qg7 23. Qxg7+ Kxg7 24. Rd6 Rfe8 25. Rgd1 Re7 26. Bd3 Na4 27. Bg5 1-0

[Event "HUN-chT U18"]
[Site "Miskolc"]
[Date "2008.10.28"]
[Round "3.5"]
[White "Hando, Vilmos"]
[Black "Bartos, Tamas"]
[Result "1/2-1/2"]
[WhiteElo "2314"]
[BlackElo "2129"]
[PlyCount "77"]
[EventDate "2008.10.27"]
[EventType "team-swiss"]
[EventRounds "8"]
[EventCountry "HUN"]
[SourceTitle "EXT 2016"]
[Source "ChessBase"]
[SourceDate "2015.10.08"]
[SourceVersion "1"]
[SourceVersionDate "2015.10.08"]
[SourceQuality "1"]

1. d4 d5 2. Nf3 Nf6 3. c4 e6 4. Nc3 Be7 5. cxd5 exd5 6. Qc2 c6 7. Bg5 g6 8. e3 Bf5 9. Bd3 Bxd3 10. Qxd3 0-0 11. 0-0 Nbd7 12. Rab1 Re8 13. b4 a6 14. Rfc1 Ne4 15. Bf4 Bd6 16. Bg3 Bxg3 17. hxg3 Ndf6 18. Ne5 Nxc3 19. Qxc3 Ne4 20. Qc2 Qe7 21. a4 Nd6 22. Qc5 Kg7 23. Nd3 h5 24. Nf4 Qf6 25. b5 axb5 26. axb5 Nxb5 27. Nxd5 Qf5 28. Nf4 Qxc5 29. Rxc5 Nd6 30. Rc2 Ra5 31. Nd3 Rea8 32. Nc5 Ra1 33. Rcc1 Rxb1 34. Rxb1 b5 35. Nd3 Nc4 36. Nb4 Rc8 37. Nc2 Ra8 38. Nb4 Rc8 39. Nc2 1/2-1/2

[Event "HUN-chT2 Maroczy 0607"]
[Site "Hungary"]
[Date "2007.04.29"]
[Round "9"]
[White "Borsavolgyi, Tamas"]
[Black "Bartos, Tamas"]
[Result "1/2-1/2"]
[WhiteElo "2318"]
[BlackElo "2141"]
[PlyCount "37"]
[EventDate "2006.11.12"]
[EventType "team"]
[EventRounds "11"]
[EventCountry "HUN"]
[SourceTitle "EXT 2008"]
[Source "ChessBase"]
[SourceDate "2007.11.25"]
[SourceVersion "1"]
[SourceVersionDate "2007.11.25"]
[SourceQuality "1"]
[WhiteTeam "Teva"]
[BlackTeam "Maroczy"]
[WhiteTeamCountry "HUN"]
[BlackTeamCountry "HUN"]

1. e4 e6 2. Qe2 Be7 3. d3 d5 4. e5 c5 5. c3 Nc6 6. Bf4 Bg5 7. Bg3 Nh6 8. h4 Be7 9. h5 b5 10. Nf3 d4 11. Bf4 Bb7 12. Nbd2 dxc3 13. bxc3 b4 14. Rb1 Rb8 15. Ne4 bxc3 16. Nxc3 Nf5 17. Qd1 Nfd4 18. Be2 0-0 19. Rh3 1/2-1/2